|
|
|
|
| LEADER |
00000nam a2200000Ia 4500 |
| 008 |
170726b2003 cr ||||| |||| 00| | spa d |
| 999 |
|
|
|c 818
|d 818
|
| 020 |
|
|
|a 9968410462
|
| 090 |
|
|
|a 14.02.03
|b 827
|
| 100 |
1 |
|
|a Escrivá de Balaguer, Josemaría, Santo
|9 3037
|
| 245 |
1 |
3 |
|a La mujer en la vida del mundo y de la iglesia /
|c San Josemaría Escrivá de Balaguer
|
| 260 |
|
|
|a San José, Costa Rica :
|b Promesa,
|c 2003
|
| 300 |
|
|
|a 90 páginas
|
| 490 |
|
|
|a Familia,
|v 2
|
| 650 |
1 |
4 |
|a ASPECTOS SOCIALES
|9 576
|
| 650 |
1 |
4 |
|a MUJERES
|9 55
|
| 650 |
1 |
4 |
|a VALORES MORALES
|9 693
|
| 650 |
1 |
4 |
|a IGLESIA
|9 471
|
| 942 |
|
|
|i 001446
|h 14.02.03 827
|2 z
|c 01
|